Avtoköliktiñ recikling technologijasy

Guardado en:
Detalles Bibliográficos
Autor principal: Kabdi, Kani
Otros Autores: Bosák, Martin, 1967-, Majerník, Milan, 1952-, Ajatchanuly, Mağaš, Beksejtov, T. K.
Formato: Libro
Lenguaje:kazajo
Publicado: Pavlodar S. Toraighyrov Pavlodar State University 2013
Edición:1. vyd.
Materias:
Etiquetas: Agregar Etiqueta
Sin Etiquetas, Sea el primero en etiquetar este registro!

MARC

LEADER 00000nam a2200000 4500
001 0182725
005 20240502083429.5
020 |a 9965-842-23-X 
041 0 |a kaz 
044 |a KZ 
245 1 0 |a Avtoköliktiñ recikling technologijasy  |c Kani Kabdi, Martin Bosák, Milan Majerník ; recenzenti Mağaš Ajatchanuly, T. K. Beksejtov 
250 |a 1. vyd. 
264 1 |a Pavlodar  |b S. Toraighyrov Pavlodar State University  |c 2013 
300 |a 220 s. [10,26 AH] 
610 2 0 |a recyklácia odpadu 
610 2 0 |a technológia 
610 2 0 |a automobily 
100 1 |a Kabdi, Kani 
700 1 |a Bosák, Martin, 1967- 
700 1 |a Majerník, Milan, 1952- 
700 1 |a Ajatchanuly, Mağaš 
700 1 |a Beksejtov, T. K.